Les présidents du Conseil pendant les guerres - Statistiques

Statistiques générales
  • Ce quiz a été pris 9 fois
  • Le résultat moyen est 9 sur 17
Statistiques - réponses
Par images Hint Réponse % Correct
11 juillet 1940 au 26 janvier 1946 Charles {de Gaulle}
100%
16 juin au 12 juillet 1940 Philippe {Pétain}
100%
29 octobre 1915 au 20 mars 1917 Aristide {Briand}
88%
10 avril 1938 au 21 mars 1940 Edouard {Daladier}
88%
16 novembre 1917 au 19 novembre 1918 Georges {Clémenceau}
88%
21 mars au 16 juin 1940 Paul {Reynaud}
88%
13 juillet au 13 décembre 1940 / 18 avril 1942 au 20 août 1944 Pierre {Laval}
88%
10 février 1941 au 18 avril 1942 François {Darlan}
75%
19 février 1871 au 18 mai 1873 Jules {Dufaure}
38%
13 juin 1914 au 29 octobre 1915 René {Viviani}
38%
20 mars 1917 au 12 septembre 1917 Alexandre {Ribot}
25%
15 mai au 10 août 1870 Emile {Ollivier}
25%
12 septembre 1917 au 16 novembre 1917 Paul {Painlevé}
25%
14 décembre 1940 au 9 février 1941 Pierre-Etienne {Flandin}
25%
4 septembre 1870 au 19 février 1871 Louis {Trochu}
13%
10 août au 4 septembre 1870 Charles {Cousin-Montauban}
0%
6 septembre 1944 au 23 avril 1945 Fernand de {Brinon}
0%
Aucun quiz correspondant
Distribution des résultats
% des personnes avec chaque résultat
Percentile par nombre de réponses
Votre historique - résultats
Vous n’avez pas pris ce quiz